LEADER 01292nls 22003013a 450 001 996365647203316 005 20201123121115.0 011 $a1531-2291 100 $a20000809a19969999 s-- a 101 0 $aeng 102 $aUS 110 0 $aafa 135 $adrnc 200 1 $aJournal of orthopaedic trauma 207 0$a1996- 210 1 $aPhiladelphia$cLippincott Williams & Wilkins$d1996- 326 $aMensile 330 $aLa rivista è dedicata esclusivamente alla diagnosi e alla gestione dei traumi dei tessuti duri e molli, comprese le lesioni a ossa, muscoli, legamenti e tendini, nonché lesioni del midollo spinale. Sotto la guida di un illustre consiglio di redazione internazionale, la rivista fornisce le informazioni più aggiornate su tecniche diagnostiche, strumenti e procedure chirurgiche nuove e migliorate, impianti chirurgici e dispositivi protesici, bioplastiche e biometalli; e terapia fisica e riabilitazione. 606 0 $aChirurgia$xOrtopedia$xPeriodici$2BNCF 676 $a617.3005 712 01$aOrthopaedic Trauma Association 712 01$aInternational Society for Fracture Repair 801 0$bcba$aIT$bcba$gREICAT 912 $a996365647203316 959 $aEJ 969 $aER 996 $aJournal of orthopaedic trauma$91761866 997 $aUNISA